[Event "Las Palmas Insular-chT Primera-B"]
[Site "Las Palmas"]
[Date "2012.01.14"]
[Round "5.1"]
[White "Rodriguez Melian, Jose Luis"]
[Black "Illijin, Neboisa"]
[Result "1/2-1/2"]
[WhiteElo "2119"]
[BlackElo "2187"]
[PlyCount "101"]
[EventDate "2011.11.12"]
[EventType "team-tourn"]
[EventRounds "14"]
[EventCountry "ESP"]
[SourceTitle "EXT 2013"]
[Source "ChessBase"]
[SourceDate "2012.11.22"]
[SourceVersion "1"]
[SourceVersionDate "2012.11.22"]
[SourceQuality "1"]
[WhiteTeam "Club de Ajedrez Guea"]
[BlackTeam "Telde Los Llanos II"]
[WhiteTeamCountry "ESP"]
[BlackTeamCountry "ESP"]

1. d4 Nf6 2. c4 e6 3. g3 d5 4. Bg2 c6 5. Nd2 Be7 6. Ngf3 0-0 7. 0-0 Nbd7 8. Qc2 b5 9. b3 a5 10. e4 Ba6 11. Ne5 Nxe5 12. dxe5 Ng4 13. exd5 cxd5 14. cxd5 exd5 15. Nf3 Qc8 16. Qxc8 Raxc8 17. h3 Nh6 18. Bxh6 gxh6 19. Rac1 b4 20. Rfd1 Rc3 21. Nd4 Bc5 22. Ra1 Bd3 23. Nf3 d4 24. Rd2 Rd8 25. Re1 Bf5 26. g4 Bg6 27. Nh4 Bc2 28. Nf5 h5 29. Ne3 Bg6 30. gxh5 Bxh5 31. Nd5 Bg6 32. Nf4 Bf5 33. Be4 Bxe4 34. Rxe4 d3 35. e6 fxe6 36. Nxe6 Rd6 37. Nxc5 Rxc5 38. Re3 Rc2 39. Rdxd3 Rxd3 40. Rxd3 Rxa2 41. Rd8+ Kg7 42. Rd7+ Kg6 43. Rd5 Kf6 44. Rh5 Kg6 45. Rc5 Ra3 46. Kg2 h6 47. h4 Kf6 48. Rb5 Kf7 49. Rc5 Ke7 50. Rh5 Kf7 51. Rb5 1/2-1/2

[Event "Las Palmas Insular-chT Primera-B"]
[Site "Las Palmas"]
[Date "2011.12.17"]
[Round "4.1"]
[White "Illijin, Neboisa"]
[Black "Rodriguez Lorenzo, Yadira"]
[Result "0-1"]
[WhiteElo "2187"]
[BlackElo "2042"]
[PlyCount "106"]
[EventDate "2011.11.12"]
[EventType "team-tourn"]
[EventRounds "14"]
[EventCountry "ESP"]
[SourceTitle "EXT 2013"]
[Source "ChessBase"]
[SourceDate "2012.11.22"]
[SourceVersion "1"]
[SourceVersionDate "2012.11.22"]
[SourceQuality "1"]
[WhiteTeam "Telde Los Llanos II"]
[BlackTeam "Grandama"]
[WhiteTeamCountry "ESP"]
[BlackTeamCountry "ESP"]

1. e4 e6 2. d4 d5 3. e5 c5 4. c3 Nc6 5. Nf3 Bd7 6. a3 Nge7 7. b4 cxd4 8. cxd4 b5 9. Nc3 Qb6 10. Bxb5 Nxe5 11. Bxd7+ Nxd7 12. 0-0 Nf5 13. Qd3 Nd6 14. Re1 Be7 15. Bg5 Nf6 16. Bxf6 gxf6 17. Nd2 Rc8 18. Rac1 0-0 19. Na4 Qb5 20. Qg3+ Kh8 21. Nc5 Nf5 22. Qc3 Rg8 23. Ndb3 Rg4 24. a4 Qb8 25. g3 Rcg8 26. Kh1 Bd6 27. Rg1 Qf8 28. Qd2 Qg7 29. Nd3 Nxd4 30. Nxd4 Rxd4 31. Qe3 Re4 32. Qxa7 Qg4 33. Qa6 Qf3+ 34. Rg2 Bxb4 35. Nxb4 Rxb4 36. a5 Qa3 37. Re1 Rgb8 38. h4 Rb1 39. Rxb1 Rxb1+ 40. Kh2 Qa1 41. Kh3 Rh1+ 42. Rh2 Kg7 43. f3 d4 44. Qd3 Qg1 45. Rxh1 Qxh1+ 46. Kg4 f5+ 47. Kh5 Qg1 48. g4 fxg4 49. fxg4 Qe3 50. Qxe3 dxe3 51. a6 e2 52. a7 e1Q 53. a8Q Qe5+ 0-1

[Event "Las Palmas Insular-chT Primera-B"]
[Site "Las Palmas"]
[Date "2011.12.10"]
[Round "3.1"]
[White "Gonzalez Rodriguez, Jose Francisco"]
[Black "Illijin, Neboisa"]
[Result "1/2-1/2"]
[WhiteElo "1940"]
[BlackElo "2187"]
[PlyCount "101"]
[EventDate "2011.11.12"]
[EventType "team-tourn"]
[EventRounds "14"]
[EventCountry "ESP"]
[SourceTitle "EXT 2013"]
[Source "ChessBase"]
[SourceDate "2012.11.22"]
[SourceVersion "1"]
[SourceVersionDate "2012.11.22"]
[SourceQuality "1"]
[WhiteTeam "Piscolabis Oleaje San Andres"]
[BlackTeam "Telde Los Llanos II"]
[WhiteTeamCountry "ESP"]
[BlackTeamCountry "ESP"]

1. d4 Nf6 2. Nf3 e6 3. e3 c5 4. Bd3 b6 5. 0-0 Bb7 6. Nbd2 Be7 7. c3 Nc6 8. e4 cxd4 9. cxd4 Rc8 10. a3 d6 11. h3 0-0 12. b4 e5 13. d5 Nb8 14. Ne1 Nbd7 15. Nc4 Rxc4 16. Bxc4 Nxe4 17. Kh2 Qa8 18. Nc2 Nc3 19. Qg4 Nf6 20. Qg3 Ncxd5 21. Bh6 Nh5 22. Qg4 Ndf4 23. Bxf4 Nxf4 24. Ne3 d5 25. Bb3 Bf6 26. Rad1 h5 27. Qg3 Ne2 28. Qf3 Nd4 29. Rxd4 exd4 30. Nxd5 Bxd5 31. Bxd5 Qb8+ 32. Kh1 Qe5 33. Rc1 g6 34. Bb3 Kg7 35. a4 Re8 36. b5 h4 37. Kg1 Re7 38. Bd5 Qg5 39. Rd1 Re5 40. Ba2 Rf5 41. Qb7 Be5 42. Qe4 Qf6 43. Qe2 Qd6 44. Bb1 Rf6 45. Ba2 Bh2+ 46. Kh1 Bf4 47. Kg1 Qb4 48. Qc4 Qb2 49. Bb1 Bb8 50. Qxd4 Qb3 51. Re1 1/2-1/2

[Event "Las Palmas op 32nd"]
[Site "Las Palmas"]
[Date "2011.12.06"]
[Round "7"]
[White "Camino Carrio, Nicanor"]
[Black "Illijin, Neboisa"]
[Result "1/2-1/2"]
[WhiteElo "2064"]
[BlackElo "2187"]
[PlyCount "72"]
[EventDate "2011.12.02"]
[EventType "swiss"]
[EventRounds "9"]
[EventCountry "ESP"]
[SourceTitle "CBM 145 Extra"]
[Source "ChessBase"]
[SourceDate "2012.01.03"]
[SourceVersion "1"]
[SourceVersionDate "2012.01.03"]
[SourceQuality "1"]

1. e4 c5 2. Nf3 e6 3. d4 cxd4 4. Nxd4 Nf6 5. Nc3 Nc6 6. Be3 Bb4 7. Bd3 d5 8. exd5 Nxd5 9. Nxc6 bxc6 10. Bd2 0-0 11. Qf3 Qf6 12. Qxf6 gxf6 13. Nxd5 Bxd2+ 14. Kxd2 cxd5 15. b4 e5 16. a4 e4 17. Be2 f5 18. g3 d4 19. Rhb1 Bb7 20. b5 Rac8 21. Ra3 Rfd8 22. a5 e3+ 23. fxe3 dxe3+ 24. Kxe3 Rxc2 25. Bd3 Rxh2 26. a6 Ba8 27. b6 axb6 28. Rxb6 Rg2 29. Kf4 Kg7 30. a7 Rf2+ 31. Ke3 Rf3+ 32. Ke2 Re8+ 33. Kd2 Rf2+ 34. Kc3 Rc8+ 35. Kd4 Rd8+ 36. Ke3 Re8+ 1/2-1/2

[Event "Las Palmas op 32nd"]
[Site "Las Palmas"]
[Date "2011.12.05"]
[Round "5"]
[White "Illijin, Neboisa"]
[Black "Machin Arbelo, Pedro Alexis"]
[Result "1/2-1/2"]
[WhiteElo "2187"]
[BlackElo "2019"]
[PlyCount "107"]
[EventDate "2011.12.02"]
[EventType "swiss"]
[EventRounds "9"]
[EventCountry "ESP"]
[SourceTitle "CBM 145 Extra"]
[Source "ChessBase"]
[SourceDate "2012.01.03"]
[SourceVersion "1"]
[SourceVersionDate "2012.01.03"]
[SourceQuality "1"]

1. e4 c5 2. Nf3 e6 3. d4 cxd4 4. Nxd4 Nf6 5. Nc3 Bb4 6. e5 Nd5 7. Qg4 g6 8. Ndb5 a6 9. Nd6+ Bxd6 10. exd6 Nxc3 11. Qd4 f6 12. Qxc3 Nc6 13. Bh6 Kf7 14. 0-0-0 Qa5 15. Qb3 b5 16. Be2 Bb7 17. Bf3 Rhc8 18. Kb1 Qd8 19. h4 Na5 20. Qd3 Bxf3 21. gxf3 Rc5 22. h5 Rd5 23. hxg6+ hxg6 24. Qe2 Rxd1+ 25. Qxd1 Nc4 26. Bc1 Kg7 27. b3 Ne5 28. Bb2 Nf7 29. f4 Qb6 30. Qf3 Rc8 31. Qg3 Qc6 32. Qh4 Qxc2+ 33. Ka1 Qf5 34. Qh7+ Kf8 35. Rg1 Qh5 36. Qxg6 Qxg6 37. Rxg6 Nxd6 38. Rxf6+ Ke7 39. Rh6 Nf7 40. Ba3+ d6 41. Rh7 Rc6 42. Bb4 Kf6 43. Kb2 Kg6 44. Rh1 Kf5 45. Rh7 Kg6 46. Rh1 Nh6 47. Bd2 Nf5 48. Rg1+ Kf6 49. Bc3+ Kf7 50. Rh1 d5 51. Be5 Kg6 52. Rg1+ Kf7 53. Rh1 Kg6 54. Rg1+ 1/2-1/2